Educar para la comunidad /
Saved in:
| Format: | Book |
|---|---|
| Published: |
Buenos Aires :
Hvmanitas,
1984.
|
| Edition: | 2a ed. |
| LEADER | 00353nam a22001217a 4500 | ||
|---|---|---|---|
| 003 | AR-BeUNQ | ||
| 005 | 20220901141109.0 | ||
| 999 | |c 36155 |d 119955 | ||
| 245 | |a Educar para la comunidad / |c Lauro de Oliveira Lima. | ||
| 250 | |a 2a ed. | ||
| 260 | |a Buenos Aires : |b Hvmanitas, |c 1984. | ||
| 929 | |a DONACION |b Manuel Eiros |d 100,00E |e 20220711 |f PAT0078176 |g 3618 |h 1 |o PR | ||
| 942 | |c LIB |n 1 | ||